Question |
Answer |
Wrong Answers |
Outcome: Mongol-Song victory, suicide of Emperor Aizong, and fall of the Jin Dynasty |
Caizhou | | 90.7% |
Acre | | 2% |
Kenilworth | | 0.5% |
Seville | | 0.2% |
|
Modern Day Country: Israel |
Acre | | 90.5% |
Caizhou | | 1.3% |
Kenilworth | | 0.7% |
Seville | | 0.8% |
|
Modern Day Country: China |
Caizhou | | 90.2% |
Acre | | 2.7% |
Kenilworth | | 0.1% |
Seville | | 0% |
|
War or Major Conflict: Mongol–Jin War |
Caizhou | | 90.1% |
Acre | | 2.8% |
Kenilworth | | 0.3% |
Seville | | 0.4% |
|
Primary Combatants: Kingdom of Castile and the city of Seville |
Seville | | 89.9% |
Acre | | 2.1% |
Caizhou | | 1% |
Kenilworth | | 0.3% |
|
Primary Combatants: Jin Dynasty and the Mongol Empire, allied with the Southern Song Dynasty |
Caizhou | | 89.7% |
Acre | | 1.7% |
Kenilworth | | 0.1% |
Seville | | 0.7% |
|
Rulers: Emperor Aizong of Jin and Ögedei Khan |
Caizhou | | 89.5% |
Acre | | 2.1% |
Kenilworth | | 0.2% |
Seville | | 0.9% |
|
Primary Combatants: Mamluk Sultanate and Kingdom of Jerusalem |
Acre | | 89.2% |
Caizhou | | 1.7% |
Kenilworth | | 0.4% |
Seville | | 1.2% |
|
Modern Day Country: Spain |
Seville | | 89.2% |
Acre | | 2.9% |
Caizhou | | 0.8% |
Kenilworth | | 0.4% |
|
War or Major Conflict: Spanish Reconquista |
Seville | | 89% |
Acre | | 2.5% |
Caizhou | | 1.3% |
Kenilworth | | 0.7% |
|
Outcome: Royalist victory after a six-month seige, the end of the Second Barons' War, and the Dictum of Kenilworth, which re-established royal power and restored baronial estates |
Kenilworth | | 88.8% |
Acre | | 2% |
Caizhou | | 1.2% |
Seville | | 1.3% |
|
Rulers: Al-Ashraf Khalil, Sultan of Egypt and Syria, and Henry II, King of Jerusalem |
Acre | | 88.4% |
Caizhou | | 3% |
Kenilworth | | 1% |
Seville | | 1.1% |
|
Modern Day Country: United Kingdom constituent country of England |
Kenilworth | | 88.2% |
Acre | | 3% |
Caizhou | | 1% |
Seville | | 1.1% |
|
Rulers: Ferdinand III of Castile and Axataf, Qaid of Seville |
Seville | | 88% |
Acre | | 3.2% |
Caizhou | | 1.3% |
Kenilworth | | 0.8% |
|
Outcome: Mamluk victory and the end of the Crusades in the Levant |
Acre | | 87.9% |
Caizhou | | 2.4% |
Kenilworth | | 1.1% |
Seville | | 2.8% |
|
Noted Combatants: Ramón de Bonifaz and Axataf, Qaid of Seville |
Seville | | 87.8% |
Acre | | 3% |
Caizhou | | 1.1% |
Kenilworth | | 0.6% |
|
War or Major Conflict: The Crusades |
Acre | | 87.8% |
Caizhou | | 1.7% |
Kenilworth | | 1.9% |
Seville | | 1.6% |
|
Noted Combatants: Ögedei Khan and Wanyan Chenglin |
Caizhou | | 87.6% |
Acre | | 4.7% |
Kenilworth | | 0.4% |
Seville | | 0.3% |
|
Rulers: Henry III of England and Simon de Montford, Earl of Leicester (deceased) |
Kenilworth | | 87.2% |
Acre | | 4.3% |
Caizhou | | 0.5% |
Seville | | 1.3% |
|
Primary Combatants: Royalist Forces and Baronial Forces |
Kenilworth | | 85.8% |
Acre | | 3.4% |
Caizhou | | 2% |
Seville | | 2.3% |
|
War or Major Conflict: Second Barons' War |
Kenilworth | | 84.9% |
Acre | | 2.9% |
Caizhou | | 2.7% |
Seville | | 3.3% |
|
Noted Combatants: Lord Edward, son of Henry III and later King Edward I of England, and Henry de Hastings |
Kenilworth | | 84.5% |
Acre | | 6% |
Caizhou | | 0.9% |
Seville | | 1.1% |
|
Noted Combatants: Amalric, Lord of Tyre, and al-Muzaffar Taqai ad-Din |
Acre | | 81.3% |
Caizhou | | 5.8% |
Kenilworth | | 1.8% |
Seville | | 4.2% |
|
Outcome: Handing over of the city to the Kingdom of Castile, and the expulsion of thousands of Muslims |
Seville | | 79.5% |
Acre | | 10.7% |
Caizhou | | 1.5% |
Kenilworth | | 1.5% |
|
Year: 1291 |
Acre | | 54.6% |
Caizhou | | 12.2% |
Kenilworth | | 13.4% |
Seville | | 13.5% |
|
Year: 1266 |
Kenilworth | | 44.2% |
Acre | | 21.5% |
Caizhou | | 13.9% |
Seville | | 13.6% |
|
Year: 1233-1234 |
Caizhou | | 40.6% |
Acre | | 25% |
Kenilworth | | 15.8% |
Seville | | 12.3% |
|
Year: 1247-1248 |
Seville | | 37.4% |
Acre | | 22.8% |
Caizhou | | 16.5% |
Kenilworth | | 15.7% |
|
Comments